Cartilla del concreto

Na minha lista:
Detalhes bibliográficos
Principais autores: McMillan, Franklin R. (autor), Tuthill, Lewis H (Autor)
Autor Corporativo: Instituto Mexicano del Cemento y del Concreto (Autor)
Formato: Livro
Idioma:espanhol
Publicado em: Ciudad de México Limusa 1975
Assuntos:
Tags: Adicionar Tag
Sem tags, seja o primeiro a adicionar uma tag!

MARC

LEADER 00000nam a2200000 a 4500
001 UCV5870
003 CL-VaPUC
008 911128e19750000MX |||||||||||||||||spa|d
082 0 4 |a 624.1833  |b MCM  |2 21 
100 |a McMillan, Franklin R.  |e autor  |9 300098 
700 0 |a Tuthill, Lewis H  |e author  |9 300099 
110 2 |a Instituto Mexicano del Cemento y del Concreto  |e author  |9 300100 
245 1 0 |a Cartilla del concreto 
300 |a 79 p 
942 |c BK 
945 |d 19911128 00:00:00 
260 |a Ciudad de México  |b Limusa  |c 1975 
650 7 |a CEMENTO NORMAS  |2 CL-VaPUC  |9 262707 
650 7 |a CEMENTO PORTLAND  |2 CL-VaPUC  |9 262708 
583 |a last modification  |c 19911128 00:00:00  |k Rodrigo Vera 
999 |c 212189  |d 212187 
952 |0 0  |1 0  |4 0  |6 624_183300000000000_MCM_1975  |7 0  |8 A  |9 192786  |a BIBING  |b BIBING  |d 2019-11-14  |i 2603616  |o 624.1833 MCM 1975  |p 2603616  |r 2025-01-20  |w 2019-11-14  |y BK  |k CCL